|
|
|
|
| LEADER |
01024cam a22002537i 4500 |
| 001 |
6189159 |
| 003 |
GR-PaULI |
| 005 |
20210117210353.0 |
| 008 |
170428s1972 it f b 001 0 ita d |
| 010 |
|
|
|a 73333978
|
| 040 |
|
|
|a DLC
|c ICL
|d ICL
|d DLC
|d GR-PaULI
|b gre
|e AACR2
|
| 041 |
0 |
|
|a ita
|a grc
|
| 082 |
0 |
4 |
|a 882.22
|2 23
|
| 100 |
1 |
|
|a Bonanno, Maria Grazia.
|9 161545
|e συγγραφέας
|
| 245 |
1 |
0 |
|a Studi su Cratete comico /
|c Maria Grazia Bonanno.
|
| 260 |
|
|
|a Padova,
|b Antenore,
|c 1972.
|
| 300 |
|
|
|a 193 p. ;
|c 21 cm.
|
| 500 |
|
|
|a Κείμενο στα αρχαία ελληνικά, σχόλια στα ιταλικά.
|
| 504 |
|
|
|a Περιλαμβάνει βιβλιογραφία (σ. [11]-16).
|
| 600 |
0 |
4 |
|a Κράτης
|9 161546
|c ο Αθηναίος
|
| 942 |
|
|
|2 ddc
|c BK15
|
| 952 |
|
|
|0 0
|1 0
|2 ddc
|4 0
|6 882_220000000000000_ΚΡΑ_BON
|7 0
|9 211801
|a THST
|b THST
|d 2017-04-28
|i 009403
|l 0
|o 882.22 ΚΡΑ BON
|p 025000199283
|r 2017-04-28 00:00:00
|t 1
|v 2017.00
|w 2017-04-28
|y BK15
|
| 998 |
|
|
|c ΜΑΝΙΑ
|d 2017-04
|
| 999 |
|
|
|c 128853
|d 128853
|